| 000 | 00615nam a22001937a 4500 | ||
|---|---|---|---|
| 005 | 20240216145533.0 | ||
| 010 | _aENG-139341 | ||
| 020 |
_c2495.00 _a9789391211240 |
||
| 035 | _aEN-122873 | ||
| 037 | _bDBAD/PUB | ||
| 082 | _a614.1 | ||
| 100 |
_aKannan , K _962228 |
||
| 245 |
_aModi A Textbook Of Medical Jurisprudence and Toxicology/ _cBy K Kannan |
||
| 250 | _a27 | ||
| 260 |
_aHaryana _bLexisNexis _c2022 |
||
| 270 |
_a14 floor,Building no.10, Tower-B,DLF Cyber City ,Phase-II _bGurgaon _e122002 _k911244774444 _l911244774100 |
||
| 300 |
_a518p. _c24cm(pb) |
||
| 942 |
_2ddc _cEN _mKAN _h614.1 |
||
| 999 |
_c200866 _d200866 |
||